Statistics for Diaspora-Bulgaria

Click here to take the quiz!

General Stats

  • This quiz has been taken 206 times
  • The average score is 18 of 23

Answer Stats

Number of immigrantsContinentCountry% Correct
300.000North AmericaUnited States of America
99%
100.000EuropeUnited Kingdom
98%
226.926EuropeGermany
97%
32.265Asia/ EuropeRussia
97%
500.000Asia/ EuropeTurkey
97%
70.000North AmericaCanada
92%
300.000EuropeGreece
91%
30.000EuropeFrance
90%
250.878EuropeSpain
90%
100.000EuropeItaly
88%
15.000EuropeSerbia
82%
15.000OceaniaAustralia
76%
14.000EuropePoland
76%
27.729Europethe Netherlands
75%
18.000EuropeBelgium
74%
50.000EuropeNorth Macedonia
71%
18.481EuropeAustria
70%
9.105EuropeSweden
67%
15.000EuropePortugal
65%
20.000AfricaSouth Africa
57%
20.000EuropeMoldova
51%
7.500AsiaIsrael
37%
35.000EuropeCyprus
25%

Score Distribution

Percentile by Number Answered

Percent of People with Each Score

Your Score History

You have not taken this quiz